|
|
|
|
| LEADER |
00000cam a2200000 7i4500 |
| 001 |
0000032980 |
| 005 |
20151222.0 |
| 008 |
120712 |
| 020 |
|
|
|a 9831352007 (Set)
|
| 020 |
|
|
|a 9831352014
|
| 090 |
0 |
0 |
|a JP
|b PR MAL
|
| 100 |
0 |
|
|a Amer Haji Matsom
|
| 245 |
1 |
0 |
|a Damin terima balasannya
|c Amer Haji Matsom
|
| 260 |
|
|
|a Selangor :
|b Sama Pub & Dist ,
|c 2008
|
| 440 |
|
|
|a Siri positif dan negatif 2
|
| 500 |
|
|
|a Children ages 7-9 years old (orange)
|
| 650 |
|
0 |
|a Didactic fiction, Malay
|
| 650 |
|
0 |
|a Malay fiction
|
| 999 |
|
|
|a 0001137524
|b Book
|c Children Collection
|e Cawangan Tangkak
|
| 999 |
|
|
|a 0001137525
|b Book
|c Children Collection
|e Cawangan Segamat
|
| 999 |
|
|
|a 0001137526
|b Book
|c Children Collection
|e Cawangan Tmn. Ungku Tun Aminah
|
| 999 |
|
|
|a 0001137527
|b Book
|c Children Collection
|e Perbadanan Perpustakaan Awam Johor
|
| 999 |
|
|
|a 0001137528
|b Book
|c Children Collection
|e Perbadanan Perpustakaan Awam Johor
|